| 000 | 01216nam0a22002891 4500 | ||
|---|---|---|---|
| 001 | rc\3543315 | ||
| 005 | 20130115144545.7 | ||
| 035 | _a(NLR Aleph) 007634647 | ||
| 090 |
_a6060401 _c6060401 |
||
| 100 | _a20130115d1972 |||y0rusy50 ca | ||
| 101 | 0 | _arus | |
| 102 | _aRU | ||
| 105 | _aa z ||||| | ||
| 200 | 1 |
_aВопросы оптимизации содержания электроподвижного состава _f[Кандидаты техн. наук А.А. Босов, Д.А. Курасов, инж. Н.Г. Нариус и др.] _gПод общ. ред. к. т. н. доц. К.Г. Кучмы |
|
| 210 |
_aДнепропетровск _cБ. и. _d1972 |
||
| 215 |
_a250 с. _cил. _d19 |
||
| 225 | 1 |
_aТруды Днепропетровского института инженеров железнодорожного транспорта _vВып. 134 |
|
| 320 | _aБиблиогр.: с. 247-250 | ||
| 701 | 1 |
_aКурасов _bД. А. |
|
| 701 | 1 |
_aНариус _bН. Г. |
|
| 701 | 1 |
_aБосов _bА. А. |
|
| 702 | 1 |
_aКучма _bК. Г. _gКалиник Георгиевич _4340 |
|
| 801 | 0 |
_aRU _bNLR _gpsbo |
|
| 801 | 1 |
_aRU _bELAR _2rusmarc |
|
| 852 |
_aNLR _jП10/717 |
||
| 942 | _cBOOK | ||
| 980 | _aNB | ||